Responses for Show #4436 - Monday, December 15, 2003

Game data retrieved from an alternate archive.

Contestants

[<< previous game]

Miriam Kadansky, a research manager from Westford, Massachusetts

Steve Schneider, a writer from Los Angeles, California

Wes Johnson, a band manager and attorney from Columbia, South Carolina (whose 1-day cash winnings total $15,200)

[next game >>]

Jeopardy! Round responses

TIME'S PERSON OF THE YEAR
BANDS IN OTHER WORDS
SHELLFISH
BRAND "X"
(Alex: Each correct response will end with that letter of the alphabet.)
MATERIAL GUYS
CAN I HAVE A WORD WITH YOU?
    $200 30
Winston Churchill

Wes
    $200 1
Smashing Pumpkins

Miriam
    $200 9
crabs

Wes
    $200 16
Memorex

Steve
    $200 21
Rock Hudson

Triple Stumper
    $200 2
a bumblebee

Miriam
    $400 26
Iran

Steve
    $400 7
The B-52's

Steve
    $400 10
shrimp

Miriam
    $400 17
Clorox

Steve
    $400 22
Henry Clay

Miriam
    $400 3
a gimmee

Wes
    $600 28
Ken Starr

Steve
    $600 8
Nine Inch Nails

Miriam
    $600 11
lobsters

Wes
    $600 18
(Steve: What is Timex?)

Rolex

WesSteve
    $600 23
Ron Wood

Wes
    $600 4
a farm

Steve
    $800 27
(Steve: (Who is King Saud?)
(Miriam: Who is King Fahd?)

King Faisal

SteveMiriam
Triple Stumper
    $800 14
Public Enemy

Wes
    $800 12
oysters

Miriam
    $800 19
Blistex

Wes
    $800 24
James Ivory

Miriam
    $800 5
malice

Wes
    $1000 29
Deng Xiaoping

Miriam
    $1000 15
Frankie Goes to Hollywood

Wes
    $1000 13
the scallop

Wes
    $3,000 20
(Wes: What is Audiovix?)

Magnavox

Wes
    $1000 25
Cotton Mather

Steve
    $1000 6
sumo wrestling

Wes

Scores at the first commercial break (after clue 15):

Wes Steve Miriam
$5,800 $1,000 $2,200

Scores at the end of the Jeopardy! Round:

Wes Steve Miriam
$5,000 $2,200 $3,600

Double Jeopardy! Round responses

U.S. "TOWN"S
KIDDY LIT
MARTIN LUTHER
SHOW
JUST CAUSE
THE LAST WORD
    $400 2
Cooperstown

Miriam
    $400 18
Eloise

Triple Stumper
    $400 20
theology

Triple Stumper
    $400 9
Chicago

Miriam
    $400 8
The Red Cross

Miriam
    $400 1
nevermore

Miriam
    $800 3
Jamestown

Wes
    $800 19
The Rescuers

Steve
    $800 24
a monk

Steve
    $800 10
Flower Drum Song

Steve
    $800 11
Elizabeth Taylor

Miriam
    $800 7
three

Triple Stumper
    $1200 4
Levittown

Miriam
    $1200 28
The Little Prince

Steve
    $1200 25
faith

Wes
    $1200 12
Man of La Mancha

Miriam
    $1200 15
Doctors Without Borders

Wes
    $1200 21
out

Wes
    $1600 5
Georgetown

Steve
    $1600 29
Olivia

Triple Stumper
    $1600 26
a hymnal

Triple Stumper
    $1,000 13
Mame

Miriam
    $1600 16
Travelers Aid

Miriam
    $1600 22
Earth

Triple Stumper
    $2000 6
Tarrytown

Triple Stumper
    $2000 30
Unfortunate Events

Triple Stumper
    $2000 27
the 95 Theses

Triple Stumper
    $2000 14
Carousel

Steve
    $1,000 17
St. Jude

Miriam
    $2000 23
one

Steve

Scores at the end of the Double Jeopardy! Round:

Wes Steve Miriam
$9,400 $11,400 $12,000

[wagering suggestions for these scores]

Final Jeopardy! Round responses

REFERENCE BOOKS
WesWhat Encyclopedia Britannica
$2,600
SteveWhat Norton's Anthology?
$11,399
MiriamWhat is Encyclopedia Britannica
$10,801
the Oxford English Dictionary

Final scores:

Wes Steve Miriam
$6,800 $1 $1,199
2-day champion: $22,000 3rd place: $1,000 2nd place: $2,000

Game dynamics:

Coryat scores:

Wes Steve Miriam
$12,400 $11,400 $13,600
16 R,
1 W
(including 1 DD)
14 R,
2 W
18 R
(including 2 DDs),
1 W

Combined Coryat: $37,400

[game clues] [game scores] [suggest correction]

Game tape date: 2003-10-21
The J! Archive is created by fans, for fans. Scraping, republication, monetization, and malicious use prohibited; this site may use cookies and collect identifying information. See terms. The Jeopardy! game show and all elements thereof, including but not limited to copyright and trademark thereto, are the property of Jeopardy Productions, Inc. and are protected under law. This website is not affiliated with, sponsored by, or operated by Jeopardy Productions, Inc. Join the discussion at JBoard.tv.